| 000 | 00789cam a2200253 a 4500 | ||
|---|---|---|---|
| 001 | 16052625 | ||
| 003 | OSt | ||
| 005 | 20150625143118.0 | ||
| 008 | 100113s2011 njuab b 001 0 eng | ||
| 010 | _a 2010001489 | ||
| 020 | _a9780205744220 (hardcover : alk. paper) | ||
| 020 | _a0205744222 (hardcover : alk. paper) | ||
| 040 | _aSEKU | ||
| 050 | 0 | 0 |
_aN 5300 _b.S7 2011 |
| 100 | 1 |
_aStokstad, Marilyn, _d1929- |
|
| 245 | 1 | 0 |
_aArt history / _cMarilyn Stokstad, Michael W. Cothren. |
| 250 | _a4th ed. | ||
| 260 |
_aUpper Saddle River, NJ : _bPearson/Prentice Hall, _cc2011. |
||
| 300 |
_a1198 p. : _bill. (chiefly col.), col. maps ; |
||
| 504 | _aIncludes bibliographical references and indexes. | ||
| 650 | 0 |
_aArt _xHistory. |
|
| 700 | 1 | _aCothren, Michael Watt. | |
| 942 |
_2lcc _cGEN |
||
| 999 |
_c4329 _d4329 |
||